00717nam a2200169Ia 4500008004100000020001800041041000800059082001600067100002800083245016900111250000600280260006500286300001500351650002900366999001900395952013300414210716s2013 xx 000 0 und d a9789350232804 aeng a006.76 SILT aSilver, Tessa Blakeley. aWordpress 3.0 jquery: enhance your wordpress website with the captivating effects of jquery.bEnhance your wordpress website with the captivating effects of jquery. a1 aNew DelhibShroff Publishers and Distributors Pvt Ltdc2013 avii,297,11 aWeb Design & Development c194843d194843 001040708MCAaAIMITbAIMITeBiblios Book Pointg999.00l0o006.76 SILTpMCA14351r2026-05-23 00:00:00v789.21w2021-07-16yBK